The Foreign Service Staff; (Record no. 90090)

MARC details
000 -LEADER
fixed length control field 01058cam a22002531 4500
001 - CONTROL NUMBER
control field sd 63000007
003 - CONTROL NUMBER IDENTIFIER
control field DLC
005 - DATE AND TIME OF LATEST TRANSACTION
control field 20260227112736.0
008 - FIXED-LENGTH DATA ELEMENTS--GENERAL INFORMATION
fixed length control field 921016s1963 dcua f000 0 eng c
010 ## - LIBRARY OF CONGRESS CONTROL NUMBER
LC control number sd 63000007
035 ## - SYSTEM CONTROL NUMBER
System control number (OCoLC)26796227
040 ## - CATALOGING SOURCE
Original cataloging agency U.S. Dept. of State. Library
Transcribing agency DS
Modifying agency DS
-- DLC
050 00 - LIBRARY OF CONGRESS CALL NUMBER
Classification number JX1706
Item number .A75 1963
110 1# - MAIN ENTRY--CORPORATE NAME
Corporate name or jurisdiction name as entry element United States.
Subordinate unit Department of State.
-- Office of Personnel.
245 14 - TITLE STATEMENT
Title The Foreign Service Staff;
Remainder of title a career in the U.S. Department of State.
Statement of responsibility, etc. [By the Bureau of Administration, Office of Personnel.
260 ## - PUBLICATION, DISTRIBUTION, ETC.
Place of publication, distribution, etc. Washington,
Name of publisher, distributor, etc. For sale by the Superintendent of Documents, U.S. Govt. Print. Off.,
Date of publication, distribution, etc. 1963]
300 ## - PHYSICAL DESCRIPTION
Extent 28 p.
Other physical details illus.
Dimensions 20 cm.
490 1# - SERIES STATEMENT
Series statement [United States] Dept. of State. Publication
Volume/sequential designation 7535
490 1# - SERIES STATEMENT
Series statement Department and Foreign Service series,
Volume/sequential designation 114
500 ## - GENERAL NOTE
General note Cover title.
650 #0 - SUBJECT ADDED ENTRY--TOPICAL TERM
Topical term or geographic name entry element Diplomatic and consular service, American.
830 #0 - SERIES ADDED ENTRY--UNIFORM TITLE
Uniform title Department of State publication ;
Volume/sequential designation 7535.
830 #0 - SERIES ADDED ENTRY--UNIFORM TITLE
Uniform title Department of State publication.
Name of part/section of a work Department and Foreign Service series ;
Volume/sequential designation 114.

No items available.

Powered by Koha